00975nam a2200241 a 450000100100000000500170001000800410002702000150006804000250008304100380010808200150014610000310016124000400019224501530023226000390038530000210042450400400044553400600048570000430054504900090058895201190059799900170071600002433720200930022925.0110126s1986 mx r 000 0 spa d a9686642536 aDO-SdBNPbspacBNPHU17aspabeng2Código de idioma MARC aNNNbS745g1 aSpencer Hull, Galen94991310aA small business agendalEspañol.10aGuía para la pequeña empresa :btendencias de una economía global /cGalen Spencer Hull ; traducción al español Javier Ibarrola Jiménez. aMéxico, D. F. :bGernika,c1986. a195 p. ;c21 cm. aIncluye bibliografía (p. 193-195) aTítulo original en inglés:tA small business agenda1 aIbarrola Jiménez, Javieretr.948550 aBNGR 001054708MOaGRbGRcCTd2011-01-26iLF1l0oNNN S745gp24337-10r2020-06-25w2020-06-25y4ZPréstamo en sala c23830d23830